| 000 | 00920nam a2200253 a 4500 | ||
|---|---|---|---|
| 003 | OSt | ||
| 005 | 20240312144544.0 | ||
| 008 | 240312s2023 mx a|||| |||| 001 0 spa d | ||
| 020 | _a978-607-12-0636-7 | ||
| 040 | _cCHAP | ||
| 090 | _aCD-521 | ||
| 100 | 1 |
_9100666 _aRuiz Espinoza, Felipe de Jesús |
|
| 245 | 1 | 0 |
_aAgrohomeopatía para la vida : _bel paso a paso para que puedas hacerlo / _cpor Felipe de Jesús Ruiz Espinoza y Irma Estela Rivadeneira Cruz. |
| 264 | 1 |
_aChapingo, Méx. : _bUACH, _c2023. |
|
| 300 |
_a94 páginas : _bcuadros, fotos. |
||
| 504 | _aIncluye referencias bibliográficas páginas : 80-85. | ||
| 650 | 4 |
_92005 _aAgricultura orgánica |
|
| 650 | 4 |
_956057 _aHomeopatía en agricultura |
|
| 650 | 4 |
_956058 _aHomeopatía en medicina veterinaria |
|
| 650 | 4 |
_9188676 _aExtractos vegetales _xAprovechamiento |
|
| 700 | 1 |
_9188877 _aRivadeneira Cruz, Irma Estela |
|
| 942 | _2local | ||
| 942 | _cCD | ||
| 999 |
_c219793 _d219793 |
||